000 01206 a2200337 4500
001 23166
610 0 _aTürkiye.
_bBüyük Millet Meclisi
_xTarih
_9105172
650 0 _aYasama organları
_zTürkiye
_xTarih
_915313
610 _915308
_aTurkey
_bBüyük Millet Meclisi
_xHistory
999 _c23166
_d16542
003 TR-AnTOB
005 20241010150111.0
008 120404s2000 tu 000 0
020 _a9757291250 (v.2)
020 _z9757291242 (set)
040 _aTR-AnTOB
041 _atur
050 _aJQ1807
_b.O98 2000
090 _aJQ1807 .O98 2000
100 1 _aÖztürk, Kazım
_915319
245 0 _aTürk parlamento tarihi :
_bTBMM - X. dönem, 1954-1957
_bMilletvekillerinin özgeçmişleri/
_cKazım Öztürk.
246 3 0 _aT.B.M.M. X. Dönem (1954-1957) milletvekillerinin özgeçmişleri
246 3 0 _aT.B.M.M. X. Dönem (1954-1957)
264 1 _a[Ankara] :
_bTürkiye Büyük Millet Meclisi Vakfı,
_c2000
300 _a1038 p. ;
_c24 cm.
490 0 _aTürkiye Büyük Millet Meclisi Vakfı Yayınları ;
_v24
650 0 _aLegislative bodies
_zTurkey
_xHistory
_915311
650 0 _aAnayasa tarihi
_zTürkiye
_915315
650 _aConstitutional history
_zTurkey
_915316
942 _cBK